Záplata na dieru nakladania s textilom vo forme metodickej príručky
Ministerstvo životného prostredia SR zverejnilo 26. júla 2024 na svojej webovej stránke dokument s názvom "Metodická príručka pre obce k nakladaniu s textilom od 1. 1. 2025". Príručka má pomôcť obciam splniť si zákonnú povinnosť, a to zaviesť a vykonávať triedený zber komunánych odpadov pre textil....
Enregistré dans:
| Auteur principal: | |
|---|---|
| Format: | Chapitre de livre |
| Langue: | slovaque |
| Sujets: | |
| Tags: |
Pas de tags, Soyez le premier à ajouter un tag!
|
MARC
| LEADER | 00000naa a2200000 4500 | ||
|---|---|---|---|
| 001 | 0304400 | ||
| 005 | 20241002081319.1 | ||
| 041 | 0 | |a slo | |
| 044 | |a SK | ||
| 245 | 1 | 0 | |a Záplata na dieru nakladania s textilom vo forme metodickej príručky |c Uršula Pomfyová |
| 520 | |a Ministerstvo životného prostredia SR zverejnilo 26. júla 2024 na svojej webovej stránke dokument s názvom "Metodická príručka pre obce k nakladaniu s textilom od 1. 1. 2025". Príručka má pomôcť obciam splniť si zákonnú povinnosť, a to zaviesť a vykonávať triedený zber komunánych odpadov pre textil. Článok sa zameriava na obsah príručky, rozoberá vybrané súvislosti a poukazuje na to, čo v príručke možno chýba. | ||
| 610 | 2 | 0 | |a textil |
| 610 | 2 | 0 | |a príručky |
| 610 | 2 | 0 | |a dokumenty |
| 610 | 2 | 0 | |a prostredie životné |
| 610 | 2 | 0 | |a ministerstvá |
| 610 | 2 | 0 | |a odpad |
| 610 | 2 | 0 | |a odpad komunálny |
| 610 | 2 | 0 | |a recyklácia odpadu |
| 610 | 2 | 0 | |a udržateľnosť |
| 100 | 1 | |a Pomfyová, Uršula | |